| 000 | 00387nam a2200157Ia 4500 | ||
|---|---|---|---|
| 008 | 230312s9999||||xx |||||||||||||| ||und|| | ||
| 020 | _a81-7758-819-2 | ||
| 082 |
_a621.31 _bBER-P |
||
| 100 | _aBergen;Arthur.R | ||
| 245 | 0 | _aPower Systems Analysis | |
| 260 |
_bPearsons _aIndia _c2008 |
||
| 300 | _a629 | ||
| 546 | _aEng. | ||
| 650 |
_aEngineering _vPower Systems Analysis |
||
| 942 | _cBK | ||
| 999 |
_c7483 _d7483 |
||